000
00259nam a2200097Ia 4500
001
833034
005
20250826172407.0
008
250824s9999 xx 000 0 und d
245
0
_a
TÜRK DIŞ POLİTİKASI TARİHİ
_c
FAHİR ARMAOĞLU
260
_b
KRONİK YAYINLARI
999
_c
833034
_d
833034